Представление документа в формате RUSMARC

ПолеНазваниеЗначение
  Тип записи a
  Библиографический уровень m
001 Контрольный номер 2c74f0b41bb946b29ad71e592e101c01
005 Дата корректировки 20140604092253.3
010 Индекс ISBN __
a ISBN 978-5-394-01162-7
101 Язык документа 0_
a Язык текста rus
102 Страна публикации __
a Страна публикации RU
200 Заглавие и сведения об ответственности 1_
a Заглавие Основы рекламы
e Сведения, относящиеся к заглавию учеб. для вузов
f Первые сведения об ответственности Ф. Г. Панкратов, Ю. К. Баженов, В. Г. Шахурин
205 Сведения об издании __
a Основные сведения об издании 13-е изд., перераб. и доп.
210 Выходные данные 1_
c Издательство Дашков и К
a Место издания М.
d Дата издания 2011
215 Физическое описание __
a Объем 547, [1] с.
300 Общие примечания __
a Общие примечания гриф МО
610 Ключевые слова 0_
a Ключевые слова реклама
610 Ключевые слова 0_
a Ключевые слова история рекламы
610 Ключевые слова 0_
a Ключевые слова маркетинговые коммуникации
610 Ключевые слова 0_
a Ключевые слова пресса
610 Ключевые слова 0_
a Ключевые слова телереклама
610 Ключевые слова 0_
a Ключевые слова паблик рилейшнз
610 Ключевые слова 0_
a Ключевые слова выставка
610 Ключевые слова 0_
a Ключевые слова мотивация
610 Ключевые слова 0_
a Ключевые слова управление
610 Ключевые слова 0_
a Ключевые слова психология
610 Ключевые слова 0_
a Ключевые слова торговая марка
610 Ключевые слова 0_
a Ключевые слова услуги
610 Ключевые слова 0_
a Ключевые слова витрина
610 Ключевые слова 0_
a Ключевые слова потребитель
610 Ключевые слова 0_
a Ключевые слова магазин
610 Ключевые слова 0_
a Ключевые слова гриф МО
686 Индексы других классификаций __
a Классификационный индекс 65.9(2)421-803.8я73
2 Код системы rubbk
700 Автор _1
a Фамилия Панкратов
b Имя Ф. Г.
g Полное личное имя Федор Григорьевич
y ДА
701 Альтернативная интеллектуальная ответственность _1
a Фамилия Баженов
b Имя Ю. К.
g Полное личное имя Юрий Константинович
u 2
y ДА
701 Альтернативная интеллектуальная ответственность _1
a Фамилия Шахурин
b Имя В. Г.
g Полное личное имя Валерий Георгиевич
u 2
y ДА
801 Источник записи _0
a Страна RU
b Организация РУК
c Дата составления 20120824
g Правила каталогизации PSBO
801 Источник записи _1
a Страна RU
b Организация РУК
c Дата составления 20120824
g Правила каталогизации PSBO
852 Данные о местонахождении __
j Шифр хранения ББК 65.9(2)421
i Авторский знак П 16
901 Тип документа __
t Тип документа m
912 Принадлежность преподавателя к РУК __
a Принадлежность преподавателя к РУК Преподаватель Головного вуза
938 Служебная информация __
a Название организации Головной вуз
b Имя БД BOOK
c Название АИБС АИБС ИРБИС
952 Тип литературы __
b Гриф литературы для ВШ гриф МО